000 00452nmm a2200157Ia 4500
008 251105s9999||||xx |||||||||||||||||und||
020 _a9789586487467
041 _aspa
100 _aMora, Luis
245 0 _aDiccionario de Supply Chain Management
264 _a[Bogotá, Colombia] :
_bEcoe Ediciones,
_c2011
300 _a140 páginas
650 _aEconomics and Business
856 _uhttps://public.digitaliapublishing.com/a/70512
942 _cCF
999 _c95362
_d95362